<?xml version="1.0" encoding="UTF-8"?><?xml-stylesheet type="text/xsl" href="static/style.xsl"?><OAI-PMH xmlns="http://www.openarchives.org/OAI/2.0/" xmlns:xsi="http://www.w3.org/2001/XMLSchema-instance" xsi:schemaLocation="http://www.openarchives.org/OAI/2.0/ http://www.openarchives.org/OAI/2.0/OAI-PMH.xsd"><responseDate>2026-04-14T14:16:18Z</responseDate><request verb="GetRecord" identifier="oai:uvadoc.uva.es:10324/51141" metadataPrefix="marc">https://uvadoc.uva.es/oai/request</request><GetRecord><record><header><identifier>oai:uvadoc.uva.es:10324/51141</identifier><datestamp>2021-12-22T21:51:28Z</datestamp><setSpec>com_10324_38</setSpec><setSpec>col_10324_852</setSpec></header><metadata><record xmlns="http://www.loc.gov/MARC21/slim" xmlns:doc="http://www.lyncode.com/xoai" xmlns:xsi="http://www.w3.org/2001/XMLSchema-instance" xmlns:dcterms="http://purl.org/dc/terms/" xsi:schemaLocation="http://www.loc.gov/MARC21/slim http://www.loc.gov/standards/marcxml/schema/MARC21slim.xsd">
<leader>00925njm 22002777a 4500</leader>
<datafield tag="042" ind1=" " ind2=" ">
<subfield code="a">dc</subfield>
</datafield>
<datafield tag="720" ind1=" " ind2=" ">
<subfield code="a">Bouza Marcos, María de las Mercedes</subfield>
<subfield code="e">author</subfield>
</datafield>
<datafield tag="260" ind1=" " ind2=" ">
<subfield code="c">2021</subfield>
</datafield>
<datafield tag="520" ind1=" " ind2=" ">
<subfield code="a">En este trabajo se ha analizado si las medianas y grandes empresas de Castilla y León&#xd;
elaboran y hacen públicos sus códigos éticos, para comprobar el grado de compromiso&#xd;
que tienen estas entidades con sus stakeholders y la sociedad, en general. Otra de las&#xd;
cuestiones que se ha planteado es si la difusión de un código de conducta está&#xd;
relacionada con el tamaño de la organización, el sector de actividad y/o su localización&#xd;
geográfica en la Comunidad. Además, se ha procedido a examinar los códigos&#xd;
difundidos con el objetivo de conocer qué tipo de cuestiones se incluyen relativas al&#xd;
personal y en qué medida están presentes en los mismos. La presencia de sociedades&#xd;
en esta comunidad con código ético es aún muy baja y mayoritariamente corresponde&#xd;
a las grandes empresas, siendo los asuntos más citados en sus códigos la diversidad,&#xd;
no discriminación y seguridad e higiene en el trabajo.</subfield>
</datafield>
<datafield tag="024" ind2=" " ind1="8">
<subfield code="a">https://uvadoc.uva.es/handle/10324/51141</subfield>
</datafield>
<datafield tag="245" ind1="0" ind2="0">
<subfield code="a">Cuestiones sobre el personal incluidas en los códigos de conducta de las empresas de Castilla y León</subfield>
</datafield>
</record></metadata></record></GetRecord></OAI-PMH>